Österreichische Fußballspieler mit mehr als 20 Toren - Statistiken

Allgemein
  • Dieses Quiz wurde 113 mal gespielt
  • Das Durchschnittsergebnis liegt bei 4 aus 12
Antwortstatistiken
Aktiv Tore Letzter Verein Spieler % Korrekt
seit 2008 37 FC Bologna / Inter Mailand (Leihe) Marko Arnautović
91%
1982-2000 44 SV Austria Salzburg (Leihe) Toni Polster
72%
1973-1985 34 SV Austria Salzburg Hans Krankl
63%
1988-2003 LA Galaxy Andreas Herzog
43%
2006-2019 FC Lugano Marc Janko
38%
1926-1937 26 FK Austria Wien Matthias Sindelar
17%
1976-1994 23 FC Kärnten Walter Schachner
11%
1957-1969 28 FK Austria Wien Erich Hof
8%
1924-1934 29 Polizei SV Wien Hans Horvath
5%
1927-1934 27 SK Admira Wien Anton Schall
3%
1946-1957 22 FC Wacker Innsbruck Theodor Wagner
3%
1931-1945 24 SC Wacker Wien Karl Zischek
2%
Keine übereinstimmenden Quizze gefunden
Verteilung der Resultate
Anzahl Personen mit jedem Resultat
Perzentil nach korrekt beantworteten Fragen
Ihre Resultats-Entwicklung
Sie haben dieses Quiz noch nicht gespielt